000 00654cab a2200217 4500
001 WB3246-27
008 090401t1996 xxu||||| |||| 00| 0 eng d
035 _a(Sirsi) u64363
041 _aeng
245 2 _aA decent place to live
260 _c1996
350 _a0
490 _aFinancial Times
_vCzech Supplement 6 December 1996, 4(2)
520 _aHighlights housing problems in the Czech Republic. People mainly live in high rise flats, the majority of which are in a poor state of repair.
650 _aCZECH REPUBLIC
650 _aHIGH-RISE FLATS
650 _aHOUSING
690 _aOVERSEAS-EUROPE
942 _n0
948 _c04/03/1997
999 _c40084
_d40084